00575nam a22001817a 450000500170000001000150001702000260003202000230005803500130008103700130009408200100010710000190011724500980013625000190023426000400025327000620029330000380035520160920165207.0 aENG-116053 c845.00a9789352602193 a9352602196c845.00 aEN-99585 bDBAD/PUB a621.8 aSlariya, Vikas a Mechanical engineering for GATE :cby Vikas Slariyabgraduate aptitude test in engineering / afourth edition aNoida bMcGraw Hill Educationc2017 aB-4, Sector - 63, Gautam Budh Nagar, bNoida (UP)e201301 avarious pagings :c25cm(pbk)bill